Perspectives on Urban Education

Sparad:
Bibliografiska uppgifter
Materialtyp: Elektronisk Tidskrift
Publicerad: Graduate School of Education, University of Pennsylvania
Länkar:Available in Education Source.
Taggar: Lägg till en tagg
Inga taggar, Lägg till första taggen!

MARC

LEADER 00000nas a22000002 4500
001 ebs56788572e
003 EBZ
006 m d ||||||
007 cr|unu||||||||
008 241105| xx uu p o 0 0||| d
022 |y 1946-7109 
035 |a (EBZ)ebs56788572e 
040 |a EBZ 
042 |a msc 
050 0 0 |a L  
130 0 |a Perspectives on Urban Education (Online) 
222 1 0 |a Perspectives on Urban Education 
245 0 0 |a Perspectives on Urban Education  |h [electronic resource]. 
260 |b Graduate School of Education, University of Pennsylvania 
773 0 |t Education Source   |d EBSCO 
856 4 0 |3 Full text available: Oct 2009-.  |z Available in Education Source.  |u https://researchs.unach.elogim.com/direct.asp?db=eue&jid=8NUH&scope=site 
901 |a Academic Journal